Premios a los universitarios de la Caja de Ahorros Provincial
Publicado:
San Jorge, núm. 79 - 80 (3r i 4rt trimestre 1970), pàg 123 :
MARC
| LEADER | 00000nam a2200000Ia 4500 | ||
|---|---|---|---|
| 001 | |||
| 008 | 160829s9999 xx 000 0 cat d | ||
| 245 | |a Premios a los universitarios de la Caja de Ahorros Provincial | ||
| 260 | |a San Jorge, núm. 79 - 80 (3r i 4rt trimestre 1970), pàg 123 | ||
| 650 | |a Caixa Catalunya | ||
| 650 | |a Estudiants universitaris |x Premis |9 44613 | ||
| 901 | |a Arxiu | ||
| 942 | |n 1 | ||
| 952 | |0 0 |1 0 |4 0 |7 1 |9 52041 |a Arxiu |b Arxiu |d 2016-12-01 |l 0 |r 2016-12-01 00:00:00 |w 2016-12-01 |y ARXIU | ||
| 999 | |c 55889 |d 55889 | ||